| 000 | 00534nam a2200181Ia 4500 | ||
|---|---|---|---|
| 003 | GCL | ||
| 008 | 140319s9999 xx 000 0 eng d | ||
| 040 |
_aGCL / _cGCL |
||
| 082 | 0 | 4 |
_a333.91 _bL W |
| 100 | 1 | _aLOWI, R. MIRIAM | |
| 245 | 1 | 0 |
_aWATER AND POWER: THE POLITICS OF A SCARCE RESOOURCE IN THE JORDAN RIVER BASIN / _cLOWI, R. MIRIAM |
| 260 |
_a[S.N] : _bCAMBRIDGE UNIVERSITY PRESS ، _c1995 |
||
| 300 | _a297 P | ||
| 650 | 0 | 4 | _aPOLITICAL ASPECTS |
| 650 | 0 | 4 | _aWATER SUPPLY |
| 650 | 0 | 4 | _aJORDAN RIVER REGION |
| 942 |
_2ddc _cBK |
||
| 999 |
_c10408 _d10408 |
||